000
00354nam a2200157Ia 4500
008
210716s2016 xx 000 0 und d
020
_a
9789380472683
041
_a
eng
082
_a
004.694 KUMR
100
_a
Kumar, R;Deshpande, M.
245
_a
E banking.
250
_a
1
260
_a
New Delhi
_c
2016
300
_a
v,265
650
_a
E-Commerce
999
_c
195577
_d
195577